000 01872cam a2200505 i 4500
001 34792
003 KOSZ 005
005 20250814093534.0
008 250814s1971 pl a f 001 0 pol
015 _aUWD 1971/10855
035 _a991037575109705066
035 _a(PL-WaBN)b2007475x-48omnis_nlop
035 _ab2007475x
035 _a(OCoLC)749891453
035 _azz2005902330
035 _a(PL)b0000002007475
035 _a(EXLNZ-48OMNIS_NETWORK)9910201423105606
040 _aWA N
_cWA N
_dKOSZ 005/RW
046 _k1951
080 _a621.83
080 _a(07)
100 1 _aOchęduszko, Kazimierz
_d(1904-1991)
_eAutor
245 1 0 _aKoła zębate.
_nT. 2,
_pWykonanie i montaż /
_cKazimierz Ochęduszko.
250 _aWydanie 5 uzupełnione, poprawione i uaktualnione.
260 _aWarszawa :
_bWydawnictwa Naukowo-Techniczne,
_c1971.
300 _a541, [3] stron :
_bilustracje ;
_c25 cm.
336 _aTekst
_btxt
_2rdacontent
337 _aBez urządzenia pośredniczącego
_bn
_2rdamedia
338 _aWolumin
_bnc
_2rdacarrier
380 _aKsiążki
380 _aPublikacje dydaktyczne
380 _aPublikacje naukowe
388 1 _a1901-2000
388 1 _a1945-1989
504 _aBibliografia na stronach [523]-532. Indeks.
521 8 _aKsiążka jest przeznaczona dla inżynierów mechaników-technologów od obróbki skrawaniem i może być również pomocna dla studentów wydziałów mechanicznych uczelni technicznych.
650 7 _aKoła zębate
_2DBN
650 7 _aKonstrukcje maszyn i urządzeń
_2DBN
655 7 _aPodręcznik
658 _aInżynieria i technika
710 2 _aWydawnictwa Naukowo-Techniczne
_4pbl
856 _uhttps://koha.tu.koszalin.pl/cgi-bin/koha/opac-detail.pl?biblionumber=34792
_yKatalog online BPK
942 _2UKD
_cKS
999 _c34792
_d34792